000 00510cam a2200193ua 4500
001 939
008 110423n ii |||gr||||Z||||||eng
020 _a81-7022-956-1
040 _cMAIN
082 _a323.4
245 1 _aHuman rights :
_bConcepts and perspectives /
_cby Rev.M.Stephen
250 _a1st.
260 _aNew Delhi:
_bConcept publishing company,
_c2002.
300 _a132p.:
_c5cm.
653 _aPolitical science
653 _aHuman rights
700 _aStephen, Rev.M.,
_eAuthor.
942 _cBK
999 _c862
_d862